Report of a board of inquiry appointment by the prime ministry following the report of the security commission on the bossard and allen cases (Record no. 500120)

000 -LEADER
fixed length control field 00381cam a22000977a 4500
008 - FIXED-LENGTH DATA ELEMENTS--GENERAL INFORMATION
fixed length control field 180718b1965 xxu||||| |||| 00| 0 eng d
082 ## - DEWEY DECIMAL CLASSIFICATION NUMBER
Classification number K63x42 Un3 bo
245 ## - TITLE STATEMENT
Title Report of a board of inquiry appointment by the prime ministry following the report of the security commission on the bossard and allen cases
260 ## - PUBLICATION, DISTRIBUTION, ETC.
Place of publication, distribution, etc. London
Name of publisher, distributor, etc. Her Majesty's Stationery Office
Date of publication, distribution, etc. 1965
300 ## - PHYSICAL DESCRIPTION
Extent 10+p.
Holdings
Withdrawn status Lost status Damaged status Not for loan Permanent Location Current Location Date acquired Full call number Barcode Date last seen Price effective from Koha item type
        Indian Institute of Public Administration Indian Institute of Public Administration 2018-08-04 K63x42 Un3 bo G6963 2018-08-04 2018-08-04 G

Powered by Koha